माटी / (Record no. 38187)
[ view plain ]
| 000 -LEADER | |
|---|---|
| fixed length control field | 00987nam a22002417a 4500 |
| 005 - DATE AND TIME OF LATEST TRANSACTION | |
| control field | 20100729160552.0 |
| 010 ## - LCCN (DPL NO) | |
| LC control number | HIN-89895 |
| 020 ## - INTERNATIONAL STANDARD BOOK NUMBER | |
| Terms of availability | 125.00 |
| International Standard Book Number | 8171195601 |
| 035 ## - SYSTEM CONTROL NUMBER | |
| System control number | HN-62241 |
| 037 ## - SOURCE OF ACQUISITION | |
| Source of stock number/acquisition | DBAD / PUB |
| 082 ## - DEWEY DECIMAL CLASSIFICATION NUMBER | |
| Classification number | क |
| 100 ## - MAIN ENTRY--PERSONAL NAME | |
| Personal name | सागर, शैलेन्द्र |
| 245 ## - TITLE STATEMENT | |
| Title | माटी / |
| Statement of responsibility, etc | शैलेन्द्र सागर |
| 246 ## - VARYING FORM OF TITLE | |
| Title proper/short title | Maati |
| Remainder of title | by Shailendra Sagar |
| 260 ## - PUBLICATION, DISTRIBUTION, ETC. (IMPRINT) | |
| Place of publication, distribution, etc | नई दिल्ली |
| Name of publisher, distributor, etc | राधाकृष्ण |
| Date of publication, distribution, etc | 2000 |
| 270 ## - ADDRESS | |
| Address | 2/38, अंसारी मार्ग, दरियागंज |
| City | नई दिल्ली |
| Postal code | 110002 |
| 300 ## - PHYSICAL DESCRIPTION | |
| Extent | 156पृ. |
| Dimensions | 18सेमी (सजिल्द) |
| 650 ## - SUBJECT ADDED ENTRY--TOPICAL TERM | |
| Topical term following geographic name as entry element | लघु कथाएँ, हिन्दी |
| 650 ## - SUBJECT ADDED ENTRY--TOPICAL TERM | |
| Topical term following geographic name as entry element | Short Stories, Hindi |
| 700 ## - ADDED ENTRY--PERSONAL NAME | |
| 9 (RLIN) | 2325 |
| 942 ## - ADDED ENTRY ELEMENTS (KOHA) | |
| Source of classification or shelving scheme | Dewey Decimal Classification |
| Item type | Hindi Books |
| Classification part | क |
| Call number suffix | सागर |
| Withdrawn status | Lost status | Not for loan | Collection code | Home library | Current library | Date acquired | Source of acquisition | Cost, normal purchase price | Full call number | Barcode | Copy number | Cost, replacement price | Koha item type |
|---|---|---|---|---|---|---|---|---|---|---|---|---|---|
| Not For Loan | Fiction | D.B.Act.Division | D.B.Act.Division | 17/08/2010 | DBAD / PUB | 125.00 | क सागर | HN-62241 | 1 | 125.00 | Hindi Books |
